Rechtliches Gehör im Ermittlungsverfahren

Saved in:  
Bibliographic Details
Main Author: Kempf, Eberhard 1943- (Author)
Format: Print Article
Language:German
Published: 2009
In: Strafverteidigung im Rechtsstaat
Year: 2009, Pages: 592-604
Check availability: HBZ Gateway
Keywords:

MARC

LEADER 00000caa a2200000 c 4500
001 1377032736
003 DE-627
005 20240630172744.0
007 tu
008 090528s2009 xx ||||| 00| ||ger c
020 |a 9783832942830 
035 |a (DE-627)1377032736 
035 |a (DE-576)307032736 
035 |a (DE-599)BSZ307032736 
040 |a DE-627  |b ger  |c DE-627  |e rakwb 
041 |a ger 
100 1 |a Kempf, Eberhard  |d 1943-  |0 (DE-588)132055414  |0 (DE-627)517456559  |0 (DE-576)161684254  |4 aut 
109 |a Kempf, Eberhard 1943- 
245 1 0 |a Rechtliches Gehör im Ermittlungsverfahren  |c Eberhard Kempf 
264 1 |c 2009 
336 |a Text  |b txt  |2 rdacontent 
337 |a ohne Hilfsmittel zu benutzen  |b n  |2 rdamedia 
338 |a Band  |b nc  |2 rdacarrier 
689 0 0 |d g  |0 (DE-588)4011882-4  |0 (DE-627)104704861  |0 (DE-576)208896155  |a Deutschland  |2 gnd 
689 0 1 |d s  |0 (DE-588)4015326-5  |0 (DE-627)104123516  |0 (DE-576)208911316  |a Ermittlungsverfahren  |2 gnd 
689 0 2 |d s  |0 (DE-588)4131025-1  |0 (DE-627)105698091  |0 (DE-576)209623985  |a Rechtliches Gehör  |2 gnd 
689 0 |5 (DE-627) 
773 0 8 |i In  |t Strafverteidigung im Rechtsstaat  |b 1. Aufl.  |d Baden-Baden : Nomos, 2009  |g (2009), Seite 592-604  |h 1104 S.  |w (DE-627)595976808  |w (DE-576)30591605X  |z 3832942831  |z 9783832942830  |7 nnam 
773 1 8 |g year:2009  |g pages:592-604 
889 |w (DE-627)73983844X 
935 |i mdedup 
951 |a AR 
ELC |b 1 
LOK |0 000 xxxxxcx a22 zn 4500 
LOK |0 001 2602991953 
LOK |0 003 DE-627 
LOK |0 004 1377032736 
LOK |0 005 20260119124002 
LOK |0 008 090617||||||||||||||||ger||||||| 
LOK |0 040   |a DE-21-110  |c DE-627  |d DE-21-110 
LOK |0 689   |a s  |a Rechtliches Gehör 
LOK |0 689   |a s  |a Ermittlungsverfahren 
LOK |0 852   |a DE-21-110 
LOK |0 852 1  |m p  |9 00 
LOK |0 935   |a tre2 
LOK |0 938   |k p 
LOK |0 939   |a 17-06-09  |b l01 
ORI |a SA-MARC-krimdoka001.raw 
TIM |a 100019901003_100020261231  |b 1990-10-03 - 2026